000
00333nam a2200157Ia 4500
100
_a
Mandal/Dinesh P
942
_c
BK
366
_f
10
654
_a
strength of materials
245
_a
Stength of Materials
260
_b
Umesh Publications
_c
2004
082
_a
620.112
_b
MAN
300
_a
887
546
_a
ENGLISH
999
_c
29270
_d
29270